Normal view
MARC view
- TELEPHONE TELEPHONE SYSTEM
Entry Topical Term
001 - CONTROL NUMBER
- control field: 77908
003 - CONTROL NUMBER IDENTIFIER
- control field: NUST
005 - DATE AND TIME OF LATEST TRANSACTION
- control field: 20210628210029.0
008 - FIXED-LENGTH DATA ELEMENTS
- fixed length control field: 210628|| aca||aabn | a|a d
040 ## - CATALOGING SOURCE
- Original cataloging agency: NUST
- Transcribing agency: NUST
150 ## - HEADING--TOPICAL TERM
- Topical term or geographic name entry element: TELEPHONE TELEPHONE SYSTEM
670 ## - SOURCE DATA FOUND
- Source citation: Work cat.: (NUST): Noll, A. Michael 77907, Introduction to telephones and telephone systems, 1998
